Распоряжения Джунковского губернаторам о маршруте, мерах охраны и порядке следования царского поезда в Ставку. 4-10 мая 1915 г.

Доступно только в Электронных читальных залах Найти на картеНа карте
RUSMARC
00004331nac2a22003131x 450
001b737b915-ae7b-4567-8c9d-9ebb819d95eb
00520160411154726.0
100##$a20151228l19151915k y0rusy50 ca
1010#$arus
102##$aRU
105##$ay z |||||
1222#$ad19150427
$ad19150503
1222#$ad19150504
$ad19150510
2001#$aРаспоряжения Джунковского губернаторам о маршруте, мерах охраны и порядке следования царского поезда в Ставку. 4-10 мая 1915 г.
$j27 апреля - 3 мая 1915
215##$a44 листа
251##$cДело
300##$aЗаголовок дела на папке: Путешествие Его Императорского Величества в Царскую Ставку 4-10 мая
300##$aНа папке дела: Май 1915 г.
300##$aВ деле имеются телеграммы
300##$aЧасть текста рукописная и машинописная, часть - напечатана типографским способом
324##$aВ деле имеются копии отдельных документов
330##$aВходит в раздел описи: Секретарская часть товарища министра внутренних дел генерал-майора В. Ф. Джунковского. 1915 г.
461#0$100154d4ecd5-9f21-45da-9c21-d800698a035e
$12001
$aКАНЦЕЛЯРИЯ ТОВАРИЩА МИНИСТРА ВНУТРЕННИХ ДЕЛ, КОМАНДИРА ОТДЕЛЬНОГО КОРПУСА ЖАНДАРМОВ В. Ф. ДЖУНКОВСКОГО
$1251
$cФонд
$1852
$j270
462#0$100123061477-a257-4ad5-a80a-0564e1cd65ba
$12001
$aСекретная часть. 1912-1915 гг.
$vД. 126
$1251
$cОпись
$1852
$j1
5171#$aПутешествие Его Императорского Величества в Царскую Ставку 4-10 мая
600#1$aДжунковский
$bВ. Ф.
801#0$aRU
$bGA_RF
801#1$aRU
$bНПО Опыт
$c20151228
$2rusmarc
801#2$aRU
$bПБ им. Б.Н. Ельцина
$c20160411
$gRCR
$2rusmarc
852##$aГА РФ
$j126
937##$d71031241
$hПБ
035##$aRuPRLIB51035293
Формат отображения